[Event "European Online Club-ch-H 2021"]
[Site "Online"]
[Date "2021.03.27"]
[Round "1.1"]
[White "Kryvoruchko, Yuriy"]
[Black "Samani, Yamac"]
[Result "1-0"]
[WhiteElo "2699"]
[BlackElo "2246"]
[Annotator "TA"]
[PlyCount "161"]
[EventDate "2021.03.27"]
[EventType "team-tourn"]
[EventCountry "NET"]
[SourceTitle "playchess.com"]
[Source "ChessBase"]
[SourceQuality "1"]

{[%evp 27,161,33,28,50,29,24,19,7,260,250,252,251,316,306,337,328,308,340,382,369,352,375,352,327,365,281,315,292,296,262,383,382,436,380,439,426,522,478,1049,1047,1017,1014,920,910,29978,29979,29978,248,248,248,248,248,248,248,248,248,248,248,248,248,248,248,248,248,248,248,248,248,248,248,248,248,248,248,248,248,248,248,248,248,248,248,248,248,248,248,248,248,248,248,248,248,248,248,248,248,248,0,248,248,248,248,248,248,460,387,1008,410,443,448,450,450,562,0,0,0,557,0,29974,29975,29978,29980,29980,29975,29980,29981,29981,29977,29984,387,4777,1697,29984,29985,29984,29985]} 1. e4 c5 2. Nf3 g6 3. d4 cxd4 4. Nxd4 Nc6 5. c4 Nf6 6. Nc3 d6 7. Be2 Nxd4 8. Qxd4 Bg7 9. Be3 O-O 10. Qd2 Be6 11. O-O Qa5 12. Rac1 Rfc8 13. b3 a6 14. f4 b5 {[%cal Rb5c4]} 15. f5 {B36: Sicilian: Maroczy Bind: Gurgenidze System.} Bd7 16. fxg6 hxg6 17. e5 {The position is equal.} Ne8 {[%mdl 8192]} (17... b4 $11 18. exf6 bxc3 19. Rxc3 Bxf6) 18. Nd5 $1 $18 {[%csl LRa5,LRe7]} (18. Qd5 Be6 $15) 18... Qxd2 19. Bxd2 {[#]} Bxe5 $146 ({Predecessor:} 19... Rd8 20. Nxe7+ Kh7 21. Ba5 Rdb8 22. exd6 Bd4+ 23. Kh1 Kg7 24. c5 Be6 25. Bf3 Nf6 26. Bxa8 Rxa8 27. c6 Ne4 28. d7 Ng3+ {0-1 (28) Alboredo,J (2192)-Tamarozi,I (1950) Barueri 2019}) 20. Nxe7+ {[%mdl 64] Double Attack} Kg7 21. Nxc8 {Threatens to win with Ne7.} Rxc8 22. cxb5 Rxc1 23. Rxc1 (23. Bxc1 axb5 24. Bf3 Nc7 $18) 23... axb5 24. Bc3 Kf6 25. Bxe5+ Kxe5 {[%mdl 4096] Endgame KRB-KBN} 26. Kf2 f5 27. Ke3 Nf6 28. Bf3 f4+ (28... d5 {might work better.} 29. h4 f4+ 30. Kd2 Kd4) 29. Kd2 d5 30. Kc3 g5 31. h3 d4+ 32. Kb4 Nd5+ (32... d3 $142 33. Kc3 Nd5+ 34. Kd2 Ne3 35. Kxd3 Kd6) 33. Bxd5 Kxd5 {KR-KB} 34. Rc5+ Ke4 35. Rxg5 Bxh3 36. gxh3 {KR-K3P} f3 37. Rg8 $2 (37. Rg1 $1 d3 38. a4 Kd4 39. axb5 f2 40. Ra1 Ke5 41. h4 Kd5 42. h5) 37... f2 38. Rf8 Ke3 39. a3 $1 {Hoping for h4.} (39. Kxb5 $2 d3 $19) 39... Ke2 40. h4 $1 {[%cal Rh4h5]} (40. Kxb5 $2 d3 $19) 40... f1=Q 41. Rxf1 Kxf1 {K3P-KPP} 42. h5 {Strongly threatening h6.} (42. Kxb5 $2 d3 $19) 42... d3 43. h6 $1 {[%cal Rh6h7]} (43. Kc3 Ke2 $19) 43... d2 44. h7 d1=Q {( -> ...Qh5)} 45. h8=Q {Qh1+ is the strong threat. KQ-KQ} Qd6+ 46. Kxb5 Qxa3 47. Qf6+ Kg1 48. Qd4+ Kh1 49. Qd5+ Kh2 50. b4 {[%cal Bb3b4,Bb4b5,Bb5b6][%mdl 32]} Qa7 51. Qc6 Qa2 52. Qd6+ Kh1 53. Kb6 Qf2+ 54. Qc5 Qb2 55. b5 Qh8 56. Qd6 Qg7 57. Kc6 Qc3+ 58. Kb7 {White wants to mate with Qc6+.} Qb3 59. b6 Kg1 60. Qd4+ Kh1 61. Qd7 Kg1 62. Qd4+ Kh1 $1 63. Qf6 Kg1 64. Qg6+ Kh1 65. Kc7 Kh2 $2 (65... Qg3+ 66. Qd6 Qg7+ 67. Qd7 Qg3+ 68. Qd6 Qg7+ 69. Kc6 Qc3+ 70. Qc5 Qf6+ 71. Kc7 Qg7+ 72. Kb8 Qg8+ 73. Kb7 Qf7+ 74. Qc7 Qb3) 66. Qd6+ Kg1 $2 (66... Kh1 67. b7 Qf7+ 68. Kc6 Qc4+ 69. Kb6 Qb3+ 70. Ka7 Qa4+ 71. Qa6 Qd4+ 72. Ka8 Qd5 73. Qh6+ Kg2 74. Qg6+ Kh3) 67. Qd4+ Kh2 68. Qf4+ Kg1 69. b7 Qc3+ 70. Kd7 $2 (70. Kd6 $18 Qa3+ 71. Kd7 Qh3+ 72. Kc7 Qc3+ 73. Kd6 (73. Kd7 Qg7+ 74. Ke6 Qxb7 $11) 73... Qa3+ 74. Kd7 Qh3+ 75. Kd6 Qa3+) 70... Qg7+ $1 $11 71. Kc6 (71. Ke6 {keeps more tension.} Qxb7 72. Qe3+ Kf1 73. Qc1+ Kg2 74. Qg5+) 71... Qc3+ $2 {[%mdl 8192] [#]} (71... Qg2+ $11 {and Black stays safe.} 72. Kb6 (72. Kc7 Qg7+ 73. Kd6 Qxb7 $11) 72... Qb2+ 73. Kc5 Qxb7) 72. Kb5 $2 (72. Kd6 $1 $18 Qa3+ 73. Kd7 Qh3+ 74. Ke7 Qh7+ 75. Qf7 Qh4+ 76. Kf8 Qd8+ 77. Kg7) 72... Qb3+ $2 {[%mdl 8192] [#]} (72... Qb2+ $11 73. Qb4 Qe2+ 74. Qc4 Qb2+ 75. Ka6 Qa3+ 76. Kb6 Qb2+ 77. Qb5 Qf6+ 78. Ka7 Qf7) 73. Qb4 $1 Qd3+ 74. Kb6 Qd8+ 75. Ka6 Qd3+ 76. Ka7 Qd7 77. Qc5+ Kh2 78. Kb8 $2 (78. Qe5+ {mates} Kg1 79. Kb6 Qh3 80. b8=Q Qb3+ 81. Kc6 Qf3+ 82. Qd5 Qf6+ 83. Qbd6) 78... Kg2 $2 (78... Qd8+ 79. Ka7 Qd7 80. Qe5+ Kh3 81. Kb6 Qf7 82. b8=Q Qb3+ 83. Qb5 Qe3+ 84. Kb7 Qf3+ 85. Ka6 Qa3+ 86. Qa5 Qd3+ 87. Qbb5 Qg6+ 88. Qab6 Qxb6+ 89. Kxb6 Kg4) 79. Qc2+ $18 Kf1 80. Qc4+ Kg2 81. Ka8 {Weighted Error Value: White=0.21/Black=0.42} 1-0

[Event "European Online Club-ch-H 2021"]
[Site "Online"]
[Date "2021.03.27"]
[Round "1.2"]
[White "Agdelen, Huseyin Can"]
[Black "Eljanov, Pavel"]
[Result "0-1"]
[WhiteElo "2206"]
[BlackElo "2672"]
[Annotator "TA"]
[PlyCount "70"]
[EventDate "2021.03.27"]
[EventType "team-tourn"]
[EventCountry "NET"]
[SourceTitle "playchess.com"]
[Source "ChessBase"]
[SourceQuality "1"]

{[%evp 10,70,24,7,10,16,22,17,16,20,25,2,12,0,37,29,30,-34,-31,-171,-167,-254,-255,-255,-255,-253,-254,-347,-354,-397,-393,-431,-438,-426,-435,-452,-370,-368,-350,-356,-365,-406,-406,-418,-366,-390,-397,-422,-427,-414,-425,-441,-290,-692,-691,-794,-632,-761,-750,-2876,-2772,-5447,-5078]} 1. e4 c6 2. Nc3 d5 3. Nf3 Bg4 4. h3 Bxf3 5. Qxf3 e6 6. Be2 Nf6 {B11: Caro-Kann: Two Knights Variation.} 7. O-O Bc5 8. Rd1 Bd4 {The position is equal.} 9. exd5 cxd5 10. Nb5 Bb6 {[#]} 11. Qa3 $146 {Nd6+ is the strong threat.} ({Predecessor:} 11. c4 a6 12. Nc3 Nc6 13. cxd5 Nd4 14. Qg3 O-O 15. d3 Nxd5 16. Bf3 Bc7 17. Qg4 Nf6 18. Bg5 Nxg4 19. Bxd8 Nxf3+ 20. gxf3 Bh2+ {0-1 (20) Bailet,P (2501)-Eljanov,P (2702) Brest 2018}) 11... Qe7 (11... Ne4 {seems wilder.} 12. d4 Nc6 13. Bf4 a6 14. Nc3 Nf6) 12. Qxe7+ Kxe7 13. b3 ({Better is} 13. c3 $11) 13... Ne4 $1 $15 14. d4 {[#] White does not recover from this.} (14. Rf1 $15) 14... a6 $1 $19 {[%cal Ra6b5]} 15. Na3 {[#]} (15. f3 $142 Ng3 16. Nc3) 15... Nc3 $1 {[%csl LRd1,LRe2][%cal Rc3e2][%mdl 64] Double Attack} 16. Re1 Bxd4 17. Bf3 Nc6 {[%cal Bb8c6,Bc6e5,Be5d3][%mdl 32]} 18. Bd2 Ne5 19. Bd1 Ne4 20. Bb4+ Kf6 21. Rxe4 dxe4 ({Don't do} 21... Bxa1 22. Rf4+ Kg6 23. Rh4 $19) 22. c3 Ba7 23. Bc2 Nd3 24. Bxd3 exd3 25. Rd1 Rhd8 26. Nc4 Rd5 27. Nd6 {and the idea c4 leaves White hopeful.} Rd8 28. Ne4+ Kg6 29. c4 Re5 30. Nd6 a5 31. Ba3 (31. Nxb7 Rd7 32. Nxa5) 31... Re2 {[%mdl 64] Double Attack. Black is clearly winning.} 32. Rxd3 Bxf2+ 33. Kh2 Rxa2 34. b4 {[#]} Rxd6 $1 {[%mdl 64] Deflection} 35. Rxd6 (35. Rf3 a4) 35... Rxa3 {Weighted Error Value: White=0.76/Black=0.16} 0-1

[Event "European Online Club-ch-H 2021"]
[Site "Online"]
[Date "2021.03.27"]
[Round "1.3"]
[White "Kuzubov, Yuriy"]
[Black "Sertbay, Huseyin"]
[Result "1-0"]
[WhiteElo "2642"]
[BlackElo "2101"]
[Annotator "ChessBase"]
[PlyCount "73"]
[EventDate "2021.03.27"]
[EventType "team-tourn"]
[EventCountry "NET"]
[SourceTitle "playchess.com"]
[Source "ChessBase"]
[SourceQuality "1"]
[TimeControl "900+5"]

1. d4 {[%emt 0:00:00]} Nf6 {[%emt 0:00:03]} 2. Nf3 {[%emt 0:00:05]} c5 {[%emt 0:00:02]} 3. d5 {[%emt 0:00:07]} d6 {[%emt 0:00:25]} 4. Nc3 {[%emt 0:00:16]} e5 {[%emt 0:00:08]} 5. e4 {[%emt 0:00:56]} Nbd7 {[%emt 0:00:22]} 6. Nd2 {[%emt 0:00:11]} Be7 {[%emt 0:00:16]} 7. Bd3 {[%emt 0:00:09]} Nf8 {[%emt 0:00:04]} 8. Nc4 {[%emt 0:00:13]} Ng6 {[%emt 0:00:04]} 9. g3 {[%emt 0:00:02]} O-O {[%emt 0:00:50]} 10. a4 {[%emt 0:00:11]} b6 {[%emt 0:00:24]} 11. h4 {[%emt 0:00:27]} h6 {[%emt 0:00:10]} 12. h5 {[%emt 0:00:15]} Nh8 {[%emt 0:00:02]} 13. Ne3 {[%emt 0:00:24]} Nh7 {[%emt 0:00:55]} 14. O-O {[%emt 0:01:10]} a6 {[%emt 0:00:16]} 15. Rb1 {[%emt 0:00:25]} Bg5 {[%emt 0:01:12]} 16. b4 {[%emt 0:00:11]} Bxe3 {[%emt 0:00:53]} 17. Bxe3 {[%emt 0:00:04]} Nf6 {[%emt 0:01:06]} 18. Be2 {[%emt 0:01:23]} Bd7 {[%emt 0:00:39]} 19. bxc5 {[%emt 0:00:55]} bxc5 {[%emt 0:00:03]} 20. Rb3 {[%emt 0:00:23]} Qc8 {[%emt 0:02:58]} 21. a5 {[%emt 0:01:38]} Ng4 {[%emt 0:01:30]} 22. Bd2 {[%emt 0:01:33]} f5 {[%emt 0:00:02]} 23. Rb6 {[%emt 0:00:59]} Nf7 {[%emt 0:01:56]} 24. exf5 {[%emt 0:01:40]} Bxf5 {[%emt 0:00:02]} 25. Rc6 {[%emt 0:00:04]} Qd7 {[%emt 0:00:22]} 26. Na4 {[%emt 0:00:06]} Nf6 {[%emt 0:00:33]} 27. Nb6 {[%emt 0:00:04]} Qb7 {[%emt 0:00:04]} 28. Nxa8 {[%emt 0:00:14]} Rxa8 {[%emt 0:00:01]} 29. Qb1 {[%emt 0:00:19]} Qd7 {[%emt 0:00:57]} 30. Rxa6 {[%emt 0:00:06]} Rxa6 {[%emt 0:00:04]} 31. Bxa6 {[%emt 0:00:03]} Nxd5 {[%emt 0:00:02]} 32. Qb7 {[%emt 0:00:19]} Qe6 {[%emt 0:00:11]} 33. Bc4 {[%emt 0:01:38]} Be4 {[%emt 0:00:01]} 34. f3 {[%emt 0:00:20]} Qh3 {[%emt 0:00:02]} 35. Be1 {[%emt 0:00:12]} Ne3 {[%emt 0:00:09]} 36. Qxf7+ {[%emt 0:00:04]} Kh7 {[%emt 0:00:04]} 37. Qg8# {[%emt 0:00:02]} 1-0

[Event "European Online Club-ch-H 2021"]
[Site "Online"]
[Date "2021.03.27"]
[Round "1.4"]
[White "Atasoy, Ata"]
[Black "Brodsky, Michail"]
[Result "0-1"]
[WhiteElo "1636"]
[BlackElo "2524"]
[Annotator "ChessBase"]
[PlyCount "92"]
[EventDate "2021.03.27"]
[EventType "team-tourn"]
[EventCountry "NET"]
[SourceTitle "playchess.com"]
[Source "ChessBase"]
[SourceQuality "1"]
[TimeControl "900+5"]

1. e4 {[%emt 0:00:00]} c5 {[%emt 0:00:10]} 2. Nf3 {[%emt 0:00:03]} d6 {[%emt 0:00:03]} 3. d4 {[%emt 0:00:02]} Nf6 {[%emt 0:00:02]} 4. Nc3 {[%emt 0:00:08]} cxd4 {[%emt 0:00:02]} 5. Nxd4 {[%emt 0:00:02]} a6 {[%emt 0:00:06]} 6. Bg5 {[%emt 0:00:15]} Nbd7 {[%emt 0:00:03]} 7. Qd2 {[%emt 0:00:46]} h6 {[%emt 0:00:12]} 8. Bh4 {[%emt 0:00:24]} e6 {[%emt 0:00:03]} 9. O-O-O {[%emt 0:00:25]} Nxe4 {[%emt 0:00:17]} 10. Bxd8 {[%emt 0:03:19]} Nxd2 {[%emt 0:00:04]} 11. Rxd2 {[%emt 0:00:35]} Kxd8 {[%emt 0:00:05]} 12. Be2 {[%emt 0:00:18]} Kc7 {[%emt 0:00:26]} 13. Rhd1 {[%emt 0:00:13]} Nf6 {[%emt 0:00:08]} 14. Bf3 {[%emt 0:00:26]} d5 {[%emt 0:00:09]} 15. a3 {[%emt 0:00:43]} Bd7 {[%emt 0:00:16]} 16. Kb1 {[%emt 0:00:16]} g5 {[%emt 0:00:14]} 17. Nb3 {[%emt 0:00:16]} g4 {[%emt 0:00:15]} 18. Be2 {[%emt 0:00:03]} h5 {[%emt 0:00:06]} 19. f3 {[%emt 0:00:44]} Bd6 {[%emt 0:00:53]} 20. Ne4 {[%emt 0:01:57]} Nxe4 {[%emt 0:04:14]} 21. fxe4 {[%emt 0:00:08]} Bxh2 {[%emt 0:00:05]} 22. exd5 {[%emt 0:00:26]} exd5 {[%emt 0:00:11]} 23. Rxd5 {[%emt 0:00:08]} Bc6 {[%emt 0:00:34]} 24. Rf5 {[%emt 0:00:32]} Raf8 {[%emt 0:00:03]} 25. Rdf1 {[%emt 0:03:10]} Bd6 {[%emt 0:00:48]} 26. Rxf7+ {[%emt 0:00:20]} Kb8 {[%emt 0:01:50]} 27. Rxf8+ {[%emt 0:01:04]} Bxf8 {[%emt 0:00:05]} 28. g3 {[%emt 0:00:29]} Bd6 {[%emt 0:00:23]} 29. Nd4 {[%emt 0:00:04]} Bg2 {[%emt 0:00:12]} 30. Rg1 {[%emt 0:00:07]} Be4 {[%emt 0:00:03]} 31. Kc1 {[%emt 0:00:07]} Re8 {[%emt 0:01:24]} 32. c3 {[%emt 0:00:04]} Bf8 {[%emt 0:00:26]} 33. Kd1 {[%emt 0:00:04]} Bg7 {[%emt 0:00:05]} 34. Kd2 {[%emt 0:00:02]} Bh6+ {[%emt 0:00:02]} 35. Kd1 {[%emt 0:00:02]} Be3 {[%emt 0:01:13]} 36. Rf1 {[%emt 0:00:07]} h4 {[%emt 0:00:56]} 37. gxh4 {[%emt 0:00:09]} g3 {[%emt 0:00:02]} 38. Bf3 {[%emt 0:00:03]} g2 {[%emt 0:00:05]} 39. Bxg2 {[%emt 0:00:03]} Bxg2 {[%emt 0:00:04]} 40. Re1 {[%emt 0:00:06]} Bh3 {[%emt 0:00:04]} 41. Kc2 {[%emt 0:00:10]} Re5 {[%emt 0:00:13]} 42. Kb3 {[%emt 0:00:05]} Bxd4 {[%emt 0:00:03]} 43. Rh1 {[%emt 0:00:01]} Be6+ {[%emt 0:00:03]} 44. Kc2 {[%emt 0:00:03]} Be3 {[%emt 0:00:02]} 45. h5 {[%emt 0:00:02]} Bh6 {[%emt 0:00:02]} 46. Kd3 {[%emt 0:00:02]} Bg4 {[%emt 0:00:03]} 0-1

[Event "European Online Club-ch-H 2021"]
[Site "Online"]
[Date "2021.03.27"]
[Round "1.5"]
[White "Banusz, Tamas"]
[Black "Vaisser, Anatoly"]
[Result "1-0"]
[WhiteElo "2631"]
[BlackElo "2501"]
[Annotator "ChessBase"]
[PlyCount "109"]
[EventDate "2021.03.27"]
[EventType "team-tourn"]
[EventCountry "NET"]
[SourceTitle "playchess.com"]
[Source "ChessBase"]
[SourceQuality "1"]
[TimeControl "900+5"]

1. Nf3 {[%emt 0:00:00]} f5 {[%emt 0:00:05]} 2. g3 {[%emt 0:00:03]} Nf6 {[%emt 0:00:03]} 3. Bg2 {[%emt 0:00:01]} d6 {[%emt 0:00:03]} 4. d4 {[%emt 0:00:05]} g6 {[%emt 0:00:02]} 5. O-O {[%emt 0:00:02]} Bg7 {[%emt 0:00:03]} 6. Nbd2 {[%emt 0:00:05]} O-O {[%emt 0:00:20]} 7. Re1 {[%emt 0:00:02]} Nc6 {[%emt 0:00:59]} 8. e4 {[%emt 0:00:03]} fxe4 {[%emt 0:00:17]} 9. Nxe4 {[%emt 0:00:02]} Nxe4 {[%emt 0:00:03]} 10. Rxe4 {[%emt 0:00:01]} Bf5 {[%emt 0:00:03]} 11. Re1 {[%emt 0:00:03]} Nb4 {[%emt 0:00:55]} 12. Nh4 {[%emt 0:00:06]} Qd7 {[%emt 0:00:41]} 13. Nxf5 {[%emt 0:00:39]} Qxf5 {[%emt 0:00:03]} 14. Re2 {[%emt 0:00:01]} Nc6 {[%emt 0:01:13]} 15. c3 {[%emt 0:00:15]} e5 {[%emt 0:00:04]} 16. Qb3+ {[%emt 0:00:32]} Kh8 {[%emt 0:00:09]} 17. Qxb7 {[%emt 0:03:59]} exd4 {[%emt 0:00:04]} 18. Bxc6 {[%emt 0:00:24]} d3 {[%emt 0:00:09]} 19. Rd2 {[%emt 0:00:02]} Bh6 {[%emt 0:01:23]} 20. Be4 {[%emt 0:00:30]} Qf6 {[%emt 0:01:33]} 21. f4 {[%emt 0:01:26]} Rae8 {[%emt 0:01:22]} 22. Rxd3 {[%emt 0:00:17]} Qe6 {[%emt 0:00:15]} 23. Re3 {[%emt 0:00:39]} Bxf4 {[%emt 0:00:19]} 24. Re1 {[%emt 0:01:05]} Bxg3 {[%emt 0:01:17]} 25. hxg3 {[%emt 0:00:04]} Qh3 {[%emt 0:00:06]} 26. Bf4 {[%emt 0:00:54]} Rxf4 {[%emt 0:00:11]} 27. Bg2 {[%emt 0:00:04]} Rxe1+ {[%emt 0:00:15]} 28. Rxe1 {[%emt 0:00:03]} Qxg3 {[%emt 0:00:04]} 29. Qc8+ {[%emt 0:01:34]} Kg7 {[%emt 0:00:05]} 30. Re7+ {[%emt 0:00:03]} Kf6 {[%emt 0:00:28]} 31. Qe6+ {[%emt 0:00:03]} Kg5 {[%emt 0:00:03]} 32. Rxh7 {[%emt 0:01:09]} Rf5 {[%emt 0:01:52]} 33. Qe7+ {[%emt 0:00:35]} Kg4 {[%emt 0:00:12]} 34. Qe2+ {[%emt 0:00:15]} Kg5 {[%emt 0:00:11]} 35. Rh3 {[%emt 0:00:09]} Qf4 {[%emt 0:00:06]} 36. Qe3 {[%emt 0:00:09]} Kg4 {[%emt 0:00:51]} 37. Qxf4+ {[%emt 0:00:12]} Rxf4 {[%emt 0:00:04]} 38. Rh7 {[%emt 0:00:03]} Kg3 {[%emt 0:00:29]} 39. Rg7 {[%emt 0:00:03]} Rf6 {[%emt 0:00:05]} 40. Be4 {[%emt 0:00:06]} g5 {[%emt 0:00:05]} 41. Rxg5+ {[%emt 0:00:21]} Kf4 {[%emt 0:00:03]} 42. Rg6 {[%emt 0:00:01]} Rf8 {[%emt 0:00:19]} 43. Bc6 {[%emt 0:00:06]} Rb8 {[%emt 0:00:30]} 44. b4 {[%emt 0:00:09]} Ke3 {[%emt 0:00:20]} 45. Rg7 {[%emt 0:00:08]} Kd3 {[%emt 0:00:10]} 46. Rxc7 {[%emt 0:00:02]} Kxc3 {[%emt 0:00:03]} 47. b5 {[%emt 0:00:01]} Kb4 {[%emt 0:00:46]} 48. Rxa7 {[%emt 0:00:04]} Rg8+ {[%emt 0:00:08]} 49. Kf2 {[%emt 0:00:03]} Kc5 {[%emt 0:00:05]} 50. a4 {[%emt 0:00:05]} d5 {[%emt 0:00:05]} 51. a5 {[%emt 0:00:02]} d4 {[%emt 0:00:02]} 52. Rd7 {[%emt 0:00:03]} Rf8+ {[%emt 0:00:06]} 53. Ke2 {[%emt 0:00:05]} Kc4 {[%emt 0:00:04]} 54. a6 {[%emt 0:00:02]} Re8+ {[%emt 0:00:04]} 55. Kd2 {[%emt 0:00:05]} 1-0

[Event "European Online Club-ch-H 2021"]
[Site "Online"]
[Date "2021.03.27"]
[Round "1.6"]
[White "Roux, Olivier"]
[Black "Braun, Arik"]
[Result "0-1"]
[WhiteElo "2156"]
[BlackElo "2609"]
[Annotator "ChessBase"]
[PlyCount "76"]
[EventDate "2021.03.27"]
[EventType "team-tourn"]
[EventCountry "NET"]
[SourceTitle "playchess.com"]
[Source "ChessBase"]
[SourceQuality "1"]
[TimeControl "900+5"]

1. e4 {[%emt 0:00:00]} c6 {[%emt 0:00:02]} 2. d4 {[%emt 0:00:05]} d5 {[%emt 0:00:02]} 3. Nc3 {[%emt 0:00:01]} dxe4 {[%emt 0:00:02]} 4. Nxe4 {[%emt 0:00:02]} Bf5 {[%emt 0:00:01]} 5. Ng3 {[%emt 0:00:02]} Bg6 {[%emt 0:00:01]} 6. Nf3 {[%emt 0:00:32]} Nd7 {[%emt 0:00:02]} 7. Bc4 {[%emt 0:00:27]} e6 {[%emt 0:00:05]} 8. Qe2 {[%emt 0:00:15]} Ngf6 {[%emt 0:00:10]} 9. Bf4 {[%emt 0:00:30]} Be7 {[%emt 0:00:27]} 10. O-O {[%emt 0:00:11]} Nd5 {[%emt 0:00:17]} 11. Bd2 {[%emt 0:00:08]} O-O {[%emt 0:00:41]} 12. c3 {[%emt 0:00:14]} a5 {[%emt 0:00:06]} 13. a4 {[%emt 0:00:10]} Qb6 {[%emt 0:00:14]} 14. b3 {[%emt 0:00:09]} Rfe8 {[%emt 0:00:10]} 15. Rfe1 {[%emt 0:00:59]} Rad8 {[%emt 0:00:09]} 16. Rac1 {[%emt 0:00:23]} Ba3 {[%emt 0:00:48]} 17. Ra1 {[%emt 0:00:56]} Bb2 {[%emt 0:01:30]} 18. Bxd5 {[%emt 0:00:06]} cxd5 {[%emt 0:00:40]} 19. Bg5 {[%emt 0:00:12]} Bxa1 {[%emt 0:00:14]} 20. Bxd8 {[%emt 0:00:05]} Rxd8 {[%emt 0:00:02]} 21. Rxa1 {[%emt 0:00:09]} Qxb3 {[%emt 0:00:03]} 22. Qd2 {[%emt 0:02:04]} Rc8 {[%emt 0:00:07]} 23. Ne2 {[%emt 0:00:02]} h6 {[%emt 0:00:20]} 24. Kf1 {[%emt 0:01:38]} Qc2 {[%emt 0:00:14]} 25. Ke1 {[%emt 0:00:22]} Qxd2+ {[%emt 0:00:13]} 26. Kxd2 {[%emt 0:00:02]} Kf8 {[%emt 0:00:32]} 27. Nf4 {[%emt 0:00:34]} Be4 {[%emt 0:00:18]} 28. Ne1 {[%emt 0:00:08]} Nb6 {[%emt 0:00:09]} 29. f3 {[%emt 0:00:14]} Bh7 {[%emt 0:00:04]} 30. Ned3 {[%emt 0:00:18]} Nc4+ {[%emt 0:00:42]} 31. Ke1 {[%emt 0:00:09]} g5 {[%emt 0:00:08]} 32. Ke2 {[%emt 0:00:18]} gxf4 {[%emt 0:00:03]} 33. Nxf4 {[%emt 0:00:02]} Rc6 {[%emt 0:00:03]} 34. Nd3 {[%emt 0:00:10]} Rb6 {[%emt 0:00:02]} 35. Nc5 {[%emt 0:00:04]} Rb2+ {[%emt 0:00:02]} 36. Kf1 {[%emt 0:00:08]} Ke7 {[%emt 0:00:06]} 37. Re1 {[%emt 0:00:04]} b6 {[%emt 0:00:05]} 38. Nd3 {[%emt 0:00:03]} Bxd3+ {[%emt 0:00:03]} 0-1

[Event "European Online Club-ch-H 2021"]
[Site "Online"]
[Date "2021.03.27"]
[Round "1.7"]
[White "Wagner, Dennis"]
[Black "Kirszenberg, Marc"]
[Result "1-0"]
[WhiteElo "2581"]
[BlackElo "2130"]
[Annotator "ChessBase"]
[PlyCount "59"]
[EventDate "2021.03.27"]
[EventType "team-tourn"]
[EventCountry "NET"]
[SourceTitle "playchess.com"]
[Source "ChessBase"]
[SourceQuality "1"]
[TimeControl "900+5"]

1. e4 {[%emt 0:00:00]} c6 {[%emt 0:00:03]} 2. Nf3 {[%emt 0:00:17]} d5 {[%emt 0:00:02]} 3. Nc3 {[%emt 0:00:01]} dxe4 {[%emt 0:00:22]} 4. Nxe4 {[%emt 0:00:02]} Nf6 {[%emt 0:00:02]} 5. Qe2 {[%emt 0:00:01]} Nxe4 {[%emt 0:00:03]} 6. Qxe4 {[%emt 0:00:00]} Be6 {[%emt 0:00:02]} 7. b3 {[%emt 0:00:04]} Bd5 {[%emt 0:00:10]} 8. Qe3 {[%emt 0:00:02]} Nd7 {[%emt 0:00:37]} 9. Bb2 {[%emt 0:00:03]} e6 {[%emt 0:00:08]} 10. Be2 {[%emt 0:00:20]} Bc5 {[%emt 0:00:04]} 11. d4 {[%emt 0:00:10]} Bxf3 {[%emt 0:00:24]} 12. Bxf3 {[%emt 0:00:25]} Bb4+ {[%emt 0:00:02]} 13. c3 {[%emt 0:00:04]} Be7 {[%emt 0:00:02]} 14. O-O {[%emt 0:00:07]} O-O {[%emt 0:00:02]} 15. c4 {[%emt 0:00:41]} Nf6 {[%emt 0:00:18]} 16. Rfd1 {[%emt 0:00:12]} Qb6 {[%emt 0:00:02]} 17. g3 {[%emt 0:01:36]} Rfd8 {[%emt 0:00:16]} 18. Kg2 {[%emt 0:00:06]} Rd7 {[%emt 0:00:03]} 19. h4 {[%emt 0:00:25]} g6 {[%emt 0:00:16]} 20. h5 {[%emt 0:00:14]} Rad8 {[%emt 0:00:04]} 21. hxg6 {[%emt 0:00:17]} hxg6 {[%emt 0:00:02]} 22. Rh1 {[%emt 0:00:04]} Bf8 {[%emt 0:00:08]} 23. c5 {[%emt 0:00:55]} Qc7 {[%emt 0:01:11]} 24. d5 {[%emt 0:00:07]} Bg7 {[%emt 0:00:04]} 25. d6 {[%emt 0:00:24]} Qa5 {[%emt 0:00:10]} 26. Qg5 {[%emt 0:03:23]} Rxd6 {[%emt 0:01:55]} 27. Bxf6 {[%emt 0:01:02]} Rd5 {[%emt 0:00:09]} 28. Bxd5 {[%emt 0:00:27]} Rxd5 {[%emt 0:00:03]} 29. Qh4 {[%emt 0:00:58]} Rh5 {[%emt 0:00:03]} 30. Qd4 {[%emt 0:00:17]} 1-0

[Event "European Online Club-ch-H 2021"]
[Site "Online"]
[Date "2021.03.27"]
[Round "1.8"]
[White "Marek, Yves"]
[Black "Buhmann, Rainer"]
[Result "0-1"]
[WhiteElo "2099"]
[BlackElo "2580"]
[Annotator "ChessBase"]
[PlyCount "78"]
[EventDate "2021.03.27"]
[EventType "team-tourn"]
[EventCountry "NET"]
[SourceTitle "playchess.com"]
[Source "ChessBase"]
[SourceQuality "1"]
[TimeControl "900+5"]

1. d4 {[%emt 0:00:00]} d5 {[%emt 0:00:07]} 2. c4 {[%emt 0:00:05]} e6 {[%emt 0:00:05]} 3. Nc3 {[%emt 0:00:04]} Nf6 {[%emt 0:00:09]} 4. cxd5 {[%emt 0:00:03]} exd5 {[%emt 0:00:02]} 5. Bg5 {[%emt 0:00:03]} Be7 {[%emt 0:00:01]} 6. e3 {[%emt 0:00:03]} O-O {[%emt 0:00:03]} 7. Bd3 {[%emt 0:00:04]} Re8 {[%emt 0:00:03]} 8. Nge2 {[%emt 0:00:03]} c6 {[%emt 0:00:12]} 9. Qc2 {[%emt 0:00:03]} Nbd7 {[%emt 0:00:02]} 10. Bh4 {[%emt 0:00:09]} Nf8 {[%emt 0:00:13]} 11. f3 {[%emt 0:00:05]} b5 {[%emt 0:01:07]} 12. Bf2 {[%emt 0:00:07]} Bb7 {[%emt 0:00:34]} 13. O-O {[%emt 0:00:16]} Rc8 {[%emt 0:00:26]} 14. Rad1 {[%emt 0:00:15]} Ne6 {[%emt 0:00:43]} 15. Qd2 {[%emt 0:03:01]} b4 {[%emt 0:00:39]} 16. Na4 {[%emt 0:00:10]} Qa5 {[%emt 0:00:06]} 17. b3 {[%emt 0:00:04]} c5 {[%emt 0:00:23]} 18. dxc5 {[%emt 0:00:04]} Nxc5 {[%emt 0:00:05]} 19. Nxc5 {[%emt 0:00:06]} Bxc5 {[%emt 0:00:02]} 20. Nd4 {[%emt 0:00:04]} Ba6 {[%emt 0:01:27]} 21. Bf5 {[%emt 0:01:30]} Bxf1 {[%emt 0:00:25]} 22. Bxc8 {[%emt 0:00:05]} Bxd4 {[%emt 0:01:49]} 23. Qxd4 {[%emt 0:01:41]} Be2 {[%emt 0:01:16]} 24. Rd2 {[%emt 0:00:13]} Bxf3 {[%emt 0:00:33]} 25. gxf3 {[%emt 0:00:06]} Rxc8 {[%emt 0:00:03]} 26. Bh4 {[%emt 0:00:05]} Rc1+ {[%emt 0:01:25]} 27. Kg2 {[%emt 0:00:07]} Qa6 {[%emt 0:00:56]} 28. Rf2 {[%emt 0:02:37]} Nd7 {[%emt 0:01:54]} 29. Qxd5 {[%emt 0:00:28]} Nf8 {[%emt 0:00:20]} 30. Qd2 {[%emt 0:00:27]} Qg6+ {[%emt 0:00:15]} 31. Bg3 {[%emt 0:00:04]} Qb1 {[%emt 0:00:12]} 32. Qxb4 {[%emt 0:00:14]} h5 {[%emt 0:00:19]} 33. Qe4 {[%emt 0:00:26]} Rg1+ {[%emt 0:00:03]} 34. Kh3 {[%emt 0:00:03]} Qd1 {[%emt 0:00:44]} 35. Qc2 {[%emt 0:00:11]} Qd7+ {[%emt 0:00:03]} 36. Kh4 {[%emt 0:00:07]} Ng6+ {[%emt 0:00:08]} 37. Kxh5 {[%emt 0:00:06]} Qh3+ {[%emt 0:00:07]} 38. Kg5 {[%emt 0:00:02]} f6+ {[%emt 0:00:15]} 39. Kxg6 {[%emt 0:00:04]} Qh7# {[%emt 0:00:02]} 0-1